[Event "ICS rated standard match"]
[Site "204.178.125.65"]
[Date "2000.11.08"]
[Round "?"]
[White "Amateur"]
[Black "Hossa"]
[Result "0-1"]
[WhiteElo "2373"]
[BlackElo "2325"]
[PlyCount "214"]
[EventDate "2000.??.??"]

1. d4 Nf6 2. Bg5 e6 3. c3 h6 4. Bh4 g5 5. Bg3 h5 6. Nd2 d5 7. e3 h4 8. Be5 Nbd7
9. Bxf6 Nxf6 10. Be2 c6 11. Ngf3 Nd7 12. h3 Be7 13. c4 a5 14. cxd5 exd5 15. Qc2
a4 16. Nh2 Bd6 17. Nhf3 a3 18. b3 Rg8 19. O-O Ra5 20. e4 dxe4 21. Qxe4+ Be7 22.
Nc4 Nf6 23. Qd3 Ra8 24. Rae1 Be6 25. Ne3 Bb4 26. Rc1 Qa5 27. Nc4 Qf5 28. Nce5
Nd5 29. Qxf5 Bxf5 30. Bc4 f6 31. Nd3 Ba5 32. Nc5 Rg7 33. Rfd1 Re7 34. Na4 Rd8
35. Bxd5 Rxd5 36. Nc5 Rd8 37. Na4 Re2 38. Nc5 Bc8 39. Ra1 Kf7 40. Rdc1 Rde8 41.
Na4 Kg7 42. Kf1 R2e7 43. Kg1 Be6 44. Nc5 Bd5 45. Nh2 Bd2 46. Rc2 Bf4 47. Nf1
Bf7 48. Rc3 Rd8 49. Ne3 Bg6 50. Rd1 Kh7 51. b4 Bh5 52. Ra1 b6 53. Na4 Rc7 54.
Nxb6 Rxd4 55. Nc2 Be5 56. Rc5 Rd2 57. Rf1 Bg6 58. Nxa3 Bd4 59. Rcc1 Rxa2 60.
Nb5 Bxb6 61. Nxc7 Bxc7 62. Rxc6 Be5 63. Rd1 Bc2 64. Re1 Rb2 65. Rb6 Bd4 66. Rd6
Rxb4 67. Rc6 Rb2 68. Rd6 Be5 69. Rc6 Ba4 70. Re6 Bb3 71. Re7+ Kg6 72. Rd7 Rc2
73. Rb1 Bc4 74. Rd8 Bf4 75. Rc8 Kf5 76. Re1 Bd6 77. Rc6 Be5 78. Rc5 Ke6 79. Rd1
Ke7 80. Kh1 Kf7 81. Rc6 Kg6 82. Kg1 Kf5 83. Rc8 Kf4 84. Rc5 g4 85. hxg4 Kxg4
86. Re1 Kf4 87. Rd1 Kg5 88. Rb1 Kh6 89. Rd1 Bf4 90. Re1 Kg6 91. Ra1 Bd6 92. Rc6
Be5 93. Rd1 Bb8 94. Ra1 Kg5 95. Rc5+ f5 96. Rc6 Be5 97. Rd1 Bf4 98. Rb6 Be2 99.
Rdb1 Be5 100. R6b3 Bd4 101. g3 h3 102. Ra3 Rd2 103. Rb8 Bc4 104. Rf3 Bd5 105.
Rbb3 Rxf2 106. Rxf2 Bxf2+ 107. Kxf2 Bxb3 {Amateur resigns} 0-1

[Event "ICS rated standard match"]
[Site "204.178.125.65"]
[Date "2000.11.08"]
[Round "?"]
[White "Hossa"]
[Black "Amateur"]
[Result "1-0"]
[WhiteElo "2343"]
[BlackElo "2355"]
[PlyCount "135"]
[EventDate "2000.??.??"]

1. d4 e6 2. Nf3 Nf6 3. Bg5 Be7 4. e3 Nc6 5. Nbd2 b6 6. c3 O-O 7. Bd3 h6 8. Bh4
Bb7 9. h3 Nh5 10. Bxe7 Qxe7 11. Qc2 Nf6 12. e4 Nh5 13. g3 a5 14. e5 Ra7 15.
O-O-O a4 16. Bh7+ Kh8 17. Be4 a3 18. b3 b5 19. Rh2 d5 20. Bd3 b4 21. c4 Rd8 22.
Be2 Rd7 23. Qd3 dxc4 24. bxc4 f5 25. Qe3 Qf7 26. g4 fxg4 27. hxg4 Nf4 28. Bf1
Ne7 29. Ng5 Qf8 30. d5 Ra6 31. Nb3 Nexd5 32. cxd5 Nxd5 33. Rxd5 exd5 34. Bxa6
d4 35. Ne6 dxe3 36. Nxf8 Rf7 37. Ng6+ Kh7 38. e6 Rxf2 39. e7 Bc6 40. Nf8+ Kh8
41. Rxf2 exf2 42. Ne6 Kg8 43. Bc4 f1=Q+ 44. Bxf1 Be8 45. Nxc7 Kf7 46. Nxe8 Kxe8
47. Nd4 Kxe7 48. Nc6+ Kd6 49. Nxb4 Kc5 50. Nc2 Kb6 51. Nxa3 Kc5 52. Kd2 Kb4 53.
Nb5 g6 54. Bd3 Kc5 55. Bxg6 Kxb5 56. Kc3 Ka4 57. g5 hxg5 58. Kd4 Ka3 59. Bf7
Kb4 60. Ke4 g4 61. Kf4 g3 62. Kxg3 Ka4 63. Bb3+ Kb4 64. Kf4 Kc5 65. Ke5 Kc6 66.
Kd4 Kb5 67. Kc3 Kc5 68. a4 {Amateur resigns} 1-0

[Event "ICS rated standard match"]
[Site "204.178.125.65"]
[Date "2000.11.08"]
[Round "?"]
[White "Yace"]
[Black "Hossa"]
[Result "1/2-1/2"]
[WhiteElo "2636"]
[BlackElo "2360"]
[PlyCount "192"]
[EventDate "2000.??.??"]

1. e4 c5 2. Nf3 d6 3. d4 cxd4 4. Nxd4 Nf6 5. Nc3 Nc6 6. Bc4 Qb6 7. Nb3 e6 8.
O-O Be7 9. Be3 Qd8 10. Bg5 O-O 11. Qd2 d5 12. exd5 exd5 13. Bd3 Be6 14. Rfe1
Re8 15. Nb5 Ng4 16. Bxe7 Rxe7 17. Qf4 Nf6 18. c3 Qb8 19. Qh4 a6 20. N5d4 Nxd4
21. Nxd4 Qd6 22. Re3 Rae8 23. Rae1 h6 24. g3 Bd7 25. Rxe7 Rxe7 26. Rxe7 Qxe7
27. Qf4 Qe1+ 28. Kg2 b5 29. Qb8+ Qe8 30. Qd6 Bc8 31. Nc6 Ne4 32. Ne7+ Kh8 33.
Bxe4 dxe4 34. Qe5 Be6 35. Nf5 Qg8 36. Qxe4 Bxa2 37. f3 Be6 38. Nd4 Qd8 39. Nxe6
Qd2+ 40. Kf1 fxe6 41. Qe2 Qd5 42. Kf2 Kg8 43. b4 e5 44. Qc2 Qd6 45. Ke2 Qc6 46.
Qd3 h5 47. Kf2 Qb6+ 48. Ke2 Qc6 49. Kf2 Qb6+ 50. Kg2 Qc6 51. h3 g6 52. g4 hxg4
53. hxg4 Kg7 54. g5 Qc7 55. Kf2 Qe7 56. Qd2 Qc7 57. Qe3 Kf7 58. Qd3 Qb6+ 59.
Ke2 Qc6 60. Ke3 Ke7 61. Ke2 Qe6 62. Qe4 Qc4+ 63. Qxc4 bxc4 64. Ke3 Ke6 65. Ke4
Kd6 66. f4 exf4 67. Kxf4 Kd5 68. Kf3 Ke5 69. Ke3 Kf5 70. Kd4 Kxg5 71. Kxc4 Kf4
72. Kd5 g5 73. c4 g4 74. b5 axb5 75. cxb5 g3 76. b6 g2 77. b7 g1=Q 78. b8=Q+
Kf3 79. Qe5 Kg2 80. Qf4 Kh1 81. Qf5 Kh2 82. Qf3 Qe1 83. Qg4 Kh1 84. Qg6 Qd1+
85. Ke5 Kh2 86. Qh6+ Kg3 87. Qh7 Kg4 88. Qh6 Qe1+ 89. Kd5 Kf5 90. Qd6 Kg5 91.
Qd7 Kh5 92. Qg7 Kh4 93. Qg6 Kh3 94. Qg7 Kh4 95. Qg6 Kh3 96. Qg7 Kh4 {
Game drawn by repetition} 1/2-1/2

[Event "ICS rated standard match"]
[Site "204.178.125.65"]
[Date "2000.11.08"]
[Round "?"]
[White "Hossa"]
[Black "Yace"]
[Result "1/2-1/2"]
[WhiteElo "2371"]
[BlackElo "2625"]
[PlyCount "142"]
[EventDate "2000.??.??"]

1. d4 d5 2. c4 e6 3. cxd5 exd5 4. Nc3 c6 5. Qc2 g6 6. Bf4 Bf5 7. Qb3 Qb6 8.
Qxb6 axb6 9. Be5 f6 10. Bf4 Na6 11. a3 b5 12. f3 b4 13. axb4 Bxb4 14. e3 Ne7
15. g4 Be6 16. Bh6 Kf7 17. Nge2 Rhe8 18. Bg2 Nc7 19. Rxa8 Rxa8 20. Kf2 Bd7 21.
h4 Ng8 22. Bf4 Ne6 23. Bh2 Ne7 24. Nc1 h6 25. Nd3 Bxc3 26. bxc3 Ra2+ 27. Kg3
Ng7 28. Kh3 h5 29. Bf1 Ra3 30. Be2 Rxc3 31. Rb1 b5 32. Ra1 Nc8 33. Bc7 hxg4+
34. fxg4 f5 35. Kg3 fxg4 36. Ne5+ Ke7 37. Nxg6+ Ke8 38. Bxg4 Rxe3+ 39. Kf2 Re4
40. Bf3 Rxd4 41. Be5 Ne6 42. Bxd4 Nxd4 43. Bh5 Kd8 44. Ne5 Ne7 45. Nf7+ Kc8 46.
Ne5 Be6 47. Rd1 Nef5 48. Rc1 Bd7 49. Bg4 Kc7 50. h5 Bc8 51. Nf7 b4 52. h6 Nxh6
53. Nxh6 Bxg4 54. Nxg4 Kd6 55. Nh6 c5 56. Nf7+ Ke7 57. Ne5 b3 58. Re1 Nc2 59.
Rh1 c4 60. Rh6 c3 61. Nd3 b2 62. Rb6 Na3 63. Nxb2 cxb2 64. Rxb2 Nc4 65. Rb7+
Kd6 66. Ke2 d4 67. Kd3 Ne5+ 68. Ke4 d3 69. Rb1 d2 70. Rd1 Nc4 71. Rxd2+ Nxd2+ {
Game drawn because neither player has mating material} 1/2-1/2

[Event "ICS rated standard match"]
[Site "204.178.125.65"]
[Date "2000.11.08"]
[Round "?"]
[White "DiepBlue"]
[Black "Hossa"]
[Result "1-0"]
[WhiteElo "2469"]
[BlackElo "2381"]
[PlyCount "93"]
[EventDate "2000.??.??"]

1. d4 Nf6 2. c4 e6 3. Nc3 Bb4 4. Qc2 O-O 5. a3 Bxc3+ 6. Qxc3 b6 7. Bg5 Bb7 8.
f3 h6 9. Bh4 d6 10. O-O-O a6 11. e3 d5 12. Bd3 dxc4 13. Bxc4 b5 14. Bb3 Nbd7
15. Ne2 Rc8 16. Bc2 Bd5 17. Qe1 Nb6 18. Nc3 Nc4 19. e4 g5 20. exd5 gxh4 21.
dxe6 fxe6 22. Qxh4 Ne3 23. Bb3 Nxd1 24. Bxe6+ Kg7 25. Rxd1 Rb8 26. Qg3+ Kh8 27.
Qg6 Nh7 28. Qxh6 Rf6 29. Qe3 Qd6 30. Bh3 Qxh2 31. Nd5 Rc6+ 32. Kb1 Qd6 33. Nf4
Rf8 34. Ne6 Rf6 35. d5 Rc4 36. Bg4 Qg3 37. Qa7 Qxg2 38. Qb8+ Nf8 39. Qd8 Rf7
40. Nxf8 Qc2+ 41. Ka2 Qxd1 42. Ne6+ Kh7 43. Bf5+ Rxf5 44. Qe7+ Rf7 45. Qxf7+
Kh6 46. Qg7+ Kh5 47. Qg5# {Hossa checkmated} 1-0

[Event "ICS rated standard match"]
[Site "204.178.125.65"]
[Date "2000.11.08"]
[Round "?"]
[White "Yace"]
[Black "Hossa"]
[Result "0-1"]
[WhiteElo "2615"]
[BlackElo "2369"]
[PlyCount "79"]
[EventDate "2000.??.??"]

1. d4 Nf6 2. c4 e6 3. Nc3 Bb4 4. f3 d5 5. a3 Bxc3+ 6. bxc3 Nbd7 7. cxd5 exd5 8.
e3 c5 9. Bd3 Rb8 10. Qa4 O-O 11. Qxa7 b5 12. Ne2 Rb7 13. Qa6 Nb8 14. Qa8 Ne8
15. c4 bxc4 16. Bc2 Nc6 17. Bf5 Rc7 18. e4 dxe4 19. Bxe4 Nxd4 20. Bf4 Re7 21.
Nxd4 cxd4 22. O-O Nf6 23. Bg5 d3 24. Bxf6 Qb6+ 25. Kh1 Qxf6 26. Qa4 Ba6 27.
Rfd1 Rd8 28. Qa5 Re5 29. Qa4 c3 30. Rac1 c2 31. Rd2 Qb6 32. g4 Rd4 33. Rdxc2
dxc2 34. Qxc2 Rexe4 35. fxe4 Bb7 36. Re1 Bxe4+ 37. Rxe4 Qb7 38. h3 Rxe4 39. Kh2
Re3 40. Qf2 {Yace resigns} 0-1

[Event "ICS Rated standard match"]
[Site "204.178.125.65"]
[Date "2000.11.08"]
[Round "?"]
[White "Hossa"]
[Black "DiepBlue"]
[Result "0-1"]
[WhiteElo "2395"]
[BlackElo "2481"]
[PlyCount "132"]
[EventDate "2000.??.??"]

1. d4 Nf6 2. c4 e6 3. Nf3 Bb4+ 4. Bd2 Qe7 5. g3 Nc6 6. Nc3 O-O 7. a3 Bxc3 8.
Bxc3 Ne4 9. Bg2 d6 10. O-O e5 11. Be1 exd4 12. Nxd4 Nxd4 13. Qxd4 Re8 14. Ba5
b6 15. Bc3 Nxc3 16. Qxc3 Rb8 17. Rfe1 Qe5 18. Qxe5 Rxe5 19. f4 Re3 20. Kf2 Rb3
21. Rab1 Bd7 22. Red1 Bf5 23. e4 Be6 24. Bf1 Re8 25. Bd3 Bg4 26. Rd2 h6 27. h3
Bh5 28. f5 f6 29. c5 Kh7 30. cxd6 cxd6 31. Rc1 Re5 32. Rc7 d5 33. exd5 Rxd5 34.
Ke3 Be8 35. g4 h5 36. a4 a5 37. Rc4 Re5+ 38. Kf2 Kh6 39. Kf3 Bf7 40. Rc8 Bd5+
41. Kf2 hxg4 42. hxg4 Kg5 43. Rc7 Kxg4 44. Rxg7+ Kf4 45. Rg6 Re3 46. Rg4+ Kxg4
47. Kxe3 Bc4 48. Rg2+ Kh3 49. Rd2 b5 50. Kd4 Rxd3+ 51. Rxd3+ Bxd3 52. Kc5 bxa4
53. Kb6 Bxf5 54. Kc5 Bg4 55. Kd4 f5 56. Ke3 Kg3 57. Kd4 f4 58. Kd5 f3 59. Kc6
f2 60. Kd5 f1=Q 61. Kd4 Qb5 62. Ke4 Bf3+ 63. Kd4 Qxb2+ 64. Kd3 Kf2 65. Kc4 Qb4+
66. Kd3 Be4# {Hossa checkmated} 0-1

[Event "ICS rated blitz match"]
[Site "204.178.125.65"]
[Date "2000.11.08"]
[Round "?"]
[White "Hossa"]
[Black "Amateur"]
[Result "1-0"]
[WhiteElo "2472"]
[BlackElo "2577"]
[PlyCount "201"]
[EventDate "2000.??.??"]

1. e4 e5 2. Nf3 Nc6 3. Bb5 a6 4. Bxc6 dxc6 5. O-O f6 6. d4 exd4 7. Nxd4 c5 8.
Nb3 Qxd1 9. Rxd1 Bg4 10. f3 Be6 11. Be3 b6 12. a4 Bd6 13. a5 Be5 14. Nc3 Bxc3
15. bxc3 Ne7 16. axb6 cxb6 17. Rd6 Bxb3 18. cxb3 Nc8 19. Rd2 a5 20. Rad1 O-O
21. Rd7 Re8 22. Rb7 Ra7 23. Rxa7 Nxa7 24. Rd7 Nb5 25. c4 Na3 26. Kf2 Nc2 27.
Ke2 f5 28. Rd2 Na1 29. Rd6 b5 30. cxb5 fxe4 31. fxe4 Rxe4 32. Kd3 Rb4 33. Bxc5
Rxb5 34. Kc4 Rb8 35. Rb6 Ra8 36. Kc3 a4 37. bxa4 Rxa4 38. Rb8+ Kf7 39. Rb7+ Ke6
40. Ra7 Rg4 41. Rxa1 Rxg2 42. Rh1 Ra2 43. Bf8 g5 44. Re1+ Kf5 45. Bd6 Kg4 46.
Rf1 h5 47. Kd3 h4 48. Rf7 Kh3 49. Ke3 Ra4 50. Rf3+ Kg2 51. Rf2+ Kh3 52. Rf5 Ra6
53. Bc7 g4 54. Rh5 Ra3+ 55. Ke4 Ra4+ 56. Kf5 Rc4 57. Bd6 Ra4 58. Rh8 Ra5+ 59.
Ke4 Ra4+ 60. Kd5 Ra5+ 61. Kc4 Ra4+ 62. Kb5 Re4 63. Bg3 Kg2 64. Rxh4 Kf3 65. Rh8
Re7 66. Rf8+ Kg2 67. Kc5 Kh3 68. Rg8 Re2 69. Kd4 Rd2+ 70. Ke4 Rc2 71. Be5 Rc4+
72. Kf5 Rc5 73. Rg5 Rc4 74. Rh5+ Kg2 75. Rh4 Kf3 76. h3 Rc8 77. hxg4 Rc4 78.
Rh3+ Kg2 79. Rg3+ Kf2 80. g5 Rc8 81. g6 Rf8+ 82. Ke6 Re8+ 83. Kf7 Rxe5 84. Rh3
Rf5+ 85. Kg8 Kg2 86. Re3 Kf2 87. Re7 Kg3 88. g7 Kg4 89. Rf7 Ra5 90. Rf1 Rc5 91.
Kh7 Rh5+ 92. Kg6 Rg5+ 93. Kf6 Rxg7 94. Kxg7 Kg5 95. Rf6 Kg4 96. Kh6 Kh4 97. Rg6
Kh3 98. Kh5 Kh2 99. Kh4 Kh1 100. Kg3 Kg1 101. Rf6 {Amateur resigns} 1-0

[Event "ICS rated blitz match"]
[Site "204.178.125.65"]
[Date "2000.11.09"]
[Round "?"]
[White "NimzoX"]
[Black "Hossa"]
[Result "1-0"]
[WhiteElo "2860"]
[BlackElo "2493"]
[PlyCount "121"]
[EventDate "2000.??.??"]

1. e4 c5 2. Nf3 d6 3. d4 cxd4 4. Nxd4 Nf6 5. Nc3 a6 6. Be3 e5 7. Nb3 Be6 8. f3
Be7 9. Qd2 O-O 10. O-O-O b6 11. g4 Nc6 12. Kb1 Qc7 13. Nd5 Bxd5 14. exd5 Na5
15. Bxb6 Qxb6 16. Nxa5 Rab8 17. c4 Rfe8 18. Nc6 Rb7 19. Bd3 e4 20. Bxe4 Nxe4
21. fxe4 Bh4 22. e5 dxe5 23. b3 Rc7 24. Qd3 Qc5 25. Qe4 f6 26. Rd3 Bg5 27. h4
Bf4 28. g5 a5 29. gxf6 gxf6 30. Rdd1 Bh6 31. Qf5 Bg7 32. h5 a4 33. h6 axb3 34.
hxg7 bxa2+ 35. Ka1 Rxg7 36. Rxh7 Qe3 37. Rh3 Qg5 38. Qxg5 fxg5 39. d6 Rd7 40.
Rh6 Kg7 41. Rdh1 Rdd8 42. d7 Rxd7 43. Rh7+ Kg6 44. R1h6+ Kf5 45. Rxd7 Ra8 46.
Rf7+ Ke4 47. Rg6 Ra6 48. Nxe5 Rxg6 49. Nxg6 Kd4 50. Kxa2 Ke3 51. Rf1 Kd4 52.
Rg1 Kc5 53. Rxg5+ Kd6 54. c5+ Kc6 55. Nf4 Kc7 56. Rg6 Kd8 57. Nd5 Kc8 58. c6
Kb8 59. Rg7 Ka8 60. Nb6+ Kb8 61. Rb7# {Hossa checkmated} 1-0

[Event "ICS rated standard match"]
[Site "204.178.125.65"]
[Date "2000.11.09"]
[Round "?"]
[White "raw-pawn"]
[Black "Hossa"]
[Result "0-1"]
[WhiteElo "2140"]
[BlackElo "2383"]
[PlyCount "50"]
[EventDate "2000.??.??"]

1. e4 e6 2. d4 d5 3. Nc3 Bb4 4. Bd2 dxe4 5. Qg4 Qxd4 6. O-O-O f5 7. Qg3 Bd6 8.
Bf4 Bxf4+ 9. Qxf4 Qc5 10. Bb5+ c6 11. Qc7 Nd7 12. Nge2 Ngf6 13. Nd4 cxb5 14.
Nxe6 Qe7 15. Rd6 b4 16. Nb5 Kf7 17. Rhd1 Ne8 18. Qc4 Nb6 19. Nd8+ Kf8 20. Qb3
Nxd6 21. Nxd6 a5 22. N6f7 Bd7 23. Rxd7 Nxd7 24. Ne6+ Kxf7 25. Nc7+ Kg6 {
raw-pawn resigns} 0-1

[Event "ICS rated standard match"]
[Site "204.178.125.65"]
[Date "2000.11.09"]
[Round "?"]
[White "Hossa"]
[Black "Tinker"]
[Result "1-0"]
[WhiteElo "2389"]
[BlackElo "2306"]
[PlyCount "91"]
[EventDate "2000.??.??"]

1. e4 e5 2. Nf3 Nc6 3. Bb5 f5 4. d3 Nf6 5. exf5 Ne7 6. Qe2 c6 7. Bc4 d5 8. Bb3
e4 9. dxe4 Nxe4 10. Nd4 Qb6 11. Be3 c5 12. Qb5+ Qxb5 13. Nxb5 Kd8 14. Bf4 c4
15. Nc7 cxb3 16. Nxa8 bxc2 17. Na3 Nc5 18. Bc7+ Ke8 19. Nxc2 Nd3+ 20. Kf1 Bxf5
21. Nd4 Nxb2 22. Nxf5 Nxf5 23. Rb1 Ba3 24. Be5 Kf7 25. Bxb2 Bxb2 26. Rxb2 Rxa8
27. Rxb7+ Kf8 28. Ke2 Re8+ 29. Kd3 Re4 30. Rxa7 Rd4+ 31. Ke2 Re4+ 32. Kd2 Rd4+
33. Kc1 Nh4 34. Rd7 Nxg2 35. Rg1 Nf4 36. Rgxg7 Nd3+ 37. Kc2 Ne5 38. Rb7 Rc4+
39. Kb3 Nd3 40. Rbf7+ Ke8 41. Ra7 Kf8 42. Rxh7 Nc5+ 43. Ka3 Kg8 44. Rhg7+ Kf8
45. Rgc7 Re4 46. Ra8+ {Tinker resigns} 1-0

[Event "ICS rated standard match"]
[Site "204.178.125.65"]
[Date "2000.11.09"]
[Round "?"]
[White "Hossa"]
[Black "superbeast"]
[Result "1-0"]
[WhiteElo "2401"]
[BlackElo "1947"]
[PlyCount "45"]
[EventDate "2000.??.??"]

1. e4 c5 2. Nf3 d6 3. d4 cxd4 4. Nxd4 Nf6 5. Nc3 Nc6 6. Bc4 e6 7. Be3 Be7 8.
Qe2 O-O 9. O-O-O a6 10. f3 Na5 11. e5 Ne8 12. Bd3 d5 13. f4 b5 14. Bf2 b4 15.
Nb1 Qc7 16. Qh5 g6 17. Qh6 Rb8 18. Nd2 Nc4 19. N4f3 a5 20. g4 a4 21. Bd4 Nxd2
22. Rxd2 Bc5 23. Bxc5 {superbeast resigns} 1-0

[Event "ICS rated standard match"]
[Site "204.178.125.65"]
[Date "2000.11.09"]
[Round "?"]
[White "Play2Ke2"]
[Black "Hossa"]
[Result "1-0"]
[WhiteElo "2114"]
[BlackElo "2403"]
[PlyCount "89"]
[EventDate "2000.??.??"]

1. e4 c5 2. Nf3 d6 3. Nc3 Nc6 4. Bc4 Nf6 5. O-O Nxe4 6. Bxf7+ Kxf7 7. Nxe4 e6
8. d4 cxd4 9. Nxd4 Kg8 10. Bg5 Qa5 11. Nxc6 bxc6 12. h4 Qb4 13. Re1 d5 14. Ng3
Qxb2 15. c4 dxc4 16. Qf3 Bd7 17. Rad1 Qb7 18. Ne4 h6 19. Bf4 Rd8 20. Qg3 Be7
21. Be5 Rh7 22. Bf6 Bxf6 23. Nxf6+ Kf7 24. Nxh7 Rh8 25. Qf4+ Kg8 26. Nf6+ gxf6
27. Qxf6 Qc7 28. Re3 Be8 29. Rg3+ Kh7 30. Qxe6 Qxg3 31. fxg3 Rg8 32. Rd8 c3 33.
Rxe8 Rxe8 34. Qxe8 a6 35. Kf2 Kg7 36. Qe7+ Kg8 37. Ke2 c2 38. Kd2 Kh8 39. g4
c1=N 40. Kxc1 a5 41. g5 hxg5 42. hxg5 Kg8 43. g6 c5 44. Qf7+ Kh8 45. Qh7# {
Hossa checkmated} 1-0

[Event "ICS rated standard match"]
[Site "204.178.125.65"]
[Date "2000.11.09"]
[Round "?"]
[White "BrazilianMaster"]
[Black "Hossa"]
[Result "1-0"]
[WhiteElo "2664"]
[BlackElo "2376"]
[PlyCount "93"]
[EventDate "2000.??.??"]

1. e4 c5 2. Nf3 d6 3. d4 cxd4 4. Nxd4 Nf6 5. Nc3 a6 6. a4 e5 7. Nf3 Be7 8. Bg5
O-O 9. Be2 Nc6 10. O-O Be6 11. Qd2 Qa5 12. Rfd1 Qb4 13. Qd3 Rac8 14. Bd2 Qb6
15. Be3 Qb4 16. Ng5 Na5 17. Bd2 Bc4 18. Qh3 Qxb2 19. Bxc4 Rxc4 20. Nd5 Re8 21.
Nxf6+ Bxf6 22. Qxh7+ Kf8 23. Qh5 g6 24. Qh7 Bg7 25. Bxa5 b6 26. Be1 f6 27. Rab1
Qxc2 28. Rxd6 Qxb1 29. Rxf6+ Ke7 30. Qxg7+ Kd8 31. Rd6+ Kc8 32. Qd7+ Kb8 33.
Rd1 Qxd1 34. Qxd1 Kc7 35. Qd5 Rc1 36. Kf1 Rc6 37. Qf7+ Kd8 38. Qb7 Rc7 39. Qxb6
Ree7 40. Qb8+ Kd7 41. Ba5 Rc1+ 42. Ke2 Rc2+ 43. Kd3 Rc5 44. Qd8+ Kc6 45. Qc8+
Kd6 46. Bb4 Rd7 47. Qxc5# {Hossa checkmated} 1-0

[Event "ICS Rated blitz match"]
[Site "204.178.125.65"]
[Date "2000.11.09"]
[Round "?"]
[White "Hossa"]
[Black "IamtheGame"]
[Result "1-0"]
[WhiteElo "2519"]
[BlackElo "1800"]
[PlyCount "67"]
[EventDate "2000.??.??"]

1. e4 c5 2. Nf3 d6 3. d4 cxd4 4. Nxd4 Nf6 5. Nc3 g6 6. Be3 Bg7 7. f3 Nc6 8. Qd2
O-O 9. Bc4 Bd7 10. O-O Nxd4 11. Bxd4 Bc6 12. Rfd1 a6 13. Nd5 Bxd5 14. exd5 Re8
15. Re1 b5 16. Bb3 Rc8 17. a4 Ra8 18. axb5 axb5 19. Qd3 Qd7 20. Qe3 Kf8 21. Qg5
h6 22. Qe3 Reb8 23. Bc3 Ne8 24. Bxg7+ Kxg7 25. Rxa8 Rxa8 26. Qxe7 Qxe7 27. Rxe7
Ra1+ 28. Kf2 Kf8 29. Rb7 Rb1 30. Rxb5 Rxb2 31. Rb7 Rb1 32. Rd7 Rh1 33. Ba4 Rxh2
34. Rd8 {IamtheGame resigns} 1-0

[Event "ICS rated standard match"]
[Site "204.178.125.65"]
[Date "2000.11.09"]
[Round "?"]
[White "Hossa"]
[Black "DrVigilante"]
[Result "0-1"]
[WhiteElo "2371"]
[BlackElo "2689"]
[PlyCount "62"]
[EventDate "2000.??.??"]

1. e4 e5 2. Nf3 Nf6 3. Nc3 Nc6 4. Bb5 Bb4 5. d3 Nd4 6. Bc4 d5 7. exd5 b5 8.
Nxe5 bxc4 9. dxc4 c5 10. O-O O-O 11. Be3 Qb6 12. Na4 Qc7 13. Bxd4 cxd4 14. Qxd4
Re8 15. f4 Bd6 16. Rae1 Bd7 17. Nxd7 Nxd7 18. Rxe8+ Rxe8 19. Rf3 Nc5 20. Nc3
Nb3 21. Qd1 Nd4 22. Rd3 Nxc2 23. Kf2 Qb6+ 24. Kg3 Ne1 25. Rd4 Bc5 26. Rd2 Qg6+
27. Qg4 Re3+ 28. Kf2 Qxg4 29. Kf1 Nxg2 30. Re2 Rxe2 31. b3 Re1# {
Hossa checkmated} 0-1

[Event "ICS rated standard match"]
[Site "204.178.125.65"]
[Date "2000.11.09"]
[Round "?"]
[White "IamtheGame"]
[Black "Hossa"]
[Result "0-1"]
[WhiteElo "2199"]
[BlackElo "2367"]
[PlyCount "45"]
[EventDate "2000.??.??"]

1. e4 e5 2. Nf3 Nf6 3. Nc3 Nc6 4. Bb5 Bb4 5. O-O O-O 6. d3 Bxc3 7. bxc3 d6 8.
Bg5 h6 9. Bh4 a6 10. Bxc6 bxc6 11. Rb1 Be6 12. a3 Qe7 13. a4 Rab8 14. Qe2 Bg4
15. h3 Bh5 16. g4 Bg6 17. Nd2 Bh7 18. Nf3 Qe6 19. Qe3 Nd7 20. Qa7 Rxb1 21. Rxb1
Qa2 22. Rb7 Qxc2 23. Qxa6 {IamtheGame resigns} 0-1

[Event "ICS rated standard match"]
[Site "204.178.125.65"]
[Date "2000.11.09"]
[Round "?"]
[White "Hossa"]
[Black "harimau"]
[Result "0-1"]
[WhiteElo "2376"]
[BlackElo "2708"]
[PlyCount "120"]
[EventDate "2000.??.??"]

1. e4 e5 2. Nf3 Nc6 3. Bb5 a6 4. Bxc6 dxc6 5. O-O f6 6. d4 exd4 7. Nxd4 c5 8.
Nb3 Qxd1 9. Rxd1 Bg4 10. f3 Bd7 11. Be3 b6 12. Nc3 O-O-O 13. a4 Bd6 14. a5 c4
15. Nd4 b5 16. Nd5 Ne7 17. Nf4 Rde8 18. Nh5 Rhg8 19. Bh6 gxh6 20. Nxf6 Be5 21.
Nxe8 Bxe8 22. c3 h5 23. Nc2 c5 24. Ne3 Bc6 25. Re1 Rf8 26. Rf1 h4 27. Rf2 Bd7
28. Rd1 Be6 29. Ra1 Ng6 30. h3 Bf4 31. Nd1 Ne5 32. Kf1 Rg8 33. Rc2 h5 34. Rf2
Kd7 35. Rc2 Ke7 36. Kf2 Nd3+ 37. Kf1 Rg3 38. Nf2 Bh6 39. Nh1 Rg8 40. Rd1 Nf4
41. Rdd2 b4 42. cxb4 cxb4 43. Rf2 b3 44. Rc3 Rd8 45. Ke1 Nd3+ 46. Rxd3 Rxd3 47.
f4 c3 48. bxc3 Rxc3 49. Rb2 Rc1+ 50. Kd2 Bxf4+ 51. Kd3 Rxh1 52. Kd4 Rd1+ 53.
Kc5 Be3+ 54. Kc6 Rd7 55. Re2 Ba7 56. Rd2 Rxd2 57. Kb7 Rd7+ 58. Ka8 b2 59. g4
b1=Q 60. gxh5 Qxe4# {Hossa checkmated} 0-1

[Event "ICS rated standard match"]
[Site "204.178.125.65"]
[Date "2000.11.09"]
[Round "?"]
[White "shoobidoo"]
[Black "Hossa"]
[Result "0-1"]
[WhiteElo "1914"]
[BlackElo "2372"]
[PlyCount "112"]
[EventDate "2000.??.??"]

1. e4 e5 2. Nf3 Nc6 3. Bc4 Nf6 4. O-O Bc5 5. d4 exd4 6. e5 Ng4 7. Bf4 a6 8. Qe2
O-O 9. h3 Nh6 10. Bxh6 gxh6 11. Nbd2 d5 12. Nb3 Bb6 13. Bd3 Re8 14. Qd2 Nxe5
15. Nxe5 Rxe5 16. Qxh6 Bf5 17. Qf4 Bxd3 18. Qxe5 Bxf1 19. Rxf1 Qd6 20. Qxd6
cxd6 21. Rd1 Re8 22. Nxd4 Bxd4 23. Rxd4 Re1+ 24. Kh2 Re2 25. Rxd5 Rxc2 26. Rxd6
Rxb2 27. Kg3 a5 28. h4 a4 29. h5 Rxa2 30. h6 Kf8 31. Rd8+ Ke7 32. Rh8 a3 33.
Rxh7 Rxf2 34. Rh8 a2 35. Ra8 Rf6 36. Rxa2 Rxh6 37. Ra7 Rb6 38. Kf4 Ke6 39. Ra4
Rb1 40. Re4+ Kd5 41. Re7 Rf1+ 42. Kg5 b5 43. g4 b4 44. Kh6 b3 45. Rb7 Kc4 46.
Rc7+ Kb4 47. Rb7+ Kc3 48. Rc7+ Kd2 49. Rd7+ Kc2 50. Rc7+ Kb1 51. Kg7 Rg1 52.
Rxf7 Rxg4+ 53. Kh6 b2 54. Rb7 Kc2 55. Rc7+ Kb3 56. Rb7+ Rb4 {shoobidoo resigns}
0-1

[Event "ICS rated blitz match"]
[Site "204.178.125.65"]
[Date "2000.11.09"]
[Round "?"]
[White "Amateur"]
[Black "Hossa"]
[Result "0-1"]
[WhiteElo "2510"]
[BlackElo "2520"]
[PlyCount "104"]
[EventDate "2000.??.??"]

1. Nf3 Nf6 2. g3 d5 3. Bg2 c5 4. O-O Nc6 5. d3 e5 6. Bg5 h6 7. Bxf6 Qxf6 8. Nc3
Be6 9. Nd2 O-O-O 10. a4 d4 11. Nb5 Kb8 12. a5 a6 13. Bxc6 bxc6 14. Na3 Bh3 15.
Re1 h5 16. c3 Ka7 17. Ne4 Qe7 18. Qa4 Rh6 19. f3 Re8 20. Nf2 Bd7 21. e3 h4 22.
g4 Qf6 23. exd4 cxd4 24. cxd4 Qxf3 25. Nc2 h3 26. Ne3 Rd6 27. dxe5 Rxe5 28. Qb3
c5 29. Nfd1 Rg6 30. Qb6+ Rxb6 31. axb6+ Kxb6 32. Rf1 Qe2 33. Rf2 Qxd3 34. Rd2
Qb3 35. Rxd7 Rxe3 36. Rd2 Re1+ 37. Kf2 Rh1 38. Ra3 Rxh2+ 39. Ke1 Qb4 40. Rc3
Rh1+ 41. Ke2 Qxg4+ 42. Rf3 h2 43. Nf2 Qe6+ 44. Re3 Re1+ 45. Kxe1 Qxe3+ 46. Kd1
c4 47. Rc2 Bc5 48. Rd2 Qb3+ 49. Ke2 Bxf2 50. Rd6+ Kc7 51. Rh6 Qe3+ 52. Kf1 gxh6
{Amateur resigns} 0-1

[Event "ICS rated standard match"]
[Site "204.178.125.65"]
[Date "2000.11.09"]
[Round "?"]
[White "Hossa"]
[Black "PowerChess"]
[Result "0-1"]
[WhiteElo "2374"]
[BlackElo "2446"]
[PlyCount "148"]
[EventDate "2000.??.??"]

1. e4 e5 2. Nf3 Nc6 3. Bb5 d6 4. d4 Bd7 5. O-O Nf6 6. Nc3 Be7 7. dxe5 Nxe5 8.
Bxd7+ Nexd7 9. Nd4 O-O 10. Nf5 Re8 11. f3 Bf8 12. a3 Nb6 13. Bg5 d5 14. b4 c5
15. Bxf6 Qxf6 16. Nxd5 Nxd5 17. Qxd5 cxb4 18. axb4 Qb6+ 19. Kh1 g6 20. Ng3 Bxb4
21. Rfb1 Red8 22. Qg5 Rd7 23. Nh5 Be7 24. Qe5 f6 25. Qc3 Qd6 26. Ng3 Rc7 27.
Qb3+ Kf8 28. Nf1 Qe5 29. Ne3 Bd6 30. Ng4 Qe7 31. Rd1 Rc6 32. Ne3 Qg7 33. Nd5 a6
34. Nb6 Rd8 35. f4 Qf7 36. Nd5 Re8 37. Qd3 Bb8 38. Rd2 Qe6 39. Re1 b5 40. Qg3
Qf7 41. Qh3 Kg7 42. f5 g5 43. Qf3 Be5 44. Red1 Rc5 45. Nb4 a5 46. Nd5 a4 47.
Rb1 Rec8 48. Qe2 Qe8 49. Rbd1 Rd8 50. Rd3 Kh8 51. c3 Rc4 52. Rh3 a3 53. Rd2 Rd6
54. Rhd3 Ra6 55. Rd1 a2 56. Ra1 Bd6 57. Nxf6 Qe5 58. Ng4 Qxe4 59. Qxe4 Rxe4 60.
Nf2 Re2 61. Nh3 b4 62. cxb4 Be5 63. f6 Bxf6 64. b5 Bxa1 65. bxa6 Re1+ 66. Ng1
Bd4 67. Rxd4 a1=Q 68. Rd8+ Kg7 69. Rd7+ Kf6 70. Rd6+ Ke5 71. h3 Rxg1+ 72. Kh2
Qf1 73. Rd2 Rh1+ 74. Kg3 Qf4# {Hossa checkmated} 0-1